Je samozásobiteľstvo na Slovensku už mŕtvou aktivitou?
Kvalitatívna a kvantitatívna analýza fenoménu samozásobiteľských aktivít na Slovensku. Analyzuje vývoj malých fariem - extenzifikácia produkcie samozásobiteľských fariem v menej produkčných poľnohospodárskych oblastiach, intenzifikácia v produkčných oblastiach. Vysoký podiel samozásobiteľských aktiv...
Guardado en:
| Autor principal: | |
|---|---|
| Formato: | Capítulo de libro |
| Lenguaje: | eslovaco |
| Materias: | |
| Etiquetas: |
Sin Etiquetas, Sea el primero en etiquetar este registro!
|
MARC
| LEADER | 00000nla a2200000 4500 | ||
|---|---|---|---|
| 001 | 0224597 | ||
| 005 | 20240417075109.3 | ||
| 041 | 0 | |a slo | |
| 044 | |a SK | ||
| 245 | 1 | 0 | |a Je samozásobiteľstvo na Slovensku už mŕtvou aktivitou? |c Stanislav Buchta |
| 520 | |a Kvalitatívna a kvantitatívna analýza fenoménu samozásobiteľských aktivít na Slovensku. Analyzuje vývoj malých fariem - extenzifikácia produkcie samozásobiteľských fariem v menej produkčných poľnohospodárskych oblastiach, intenzifikácia v produkčných oblastiach. Vysoký podiel samozásobiteľských aktivít podľa komoditných bilancií sa prejavuje pri produkcii zeleniny. V živočíšnej výrobe samozásobitelia už nemajú tak silné postavenie. U fariem fyzických osôb dochádza k poklesu počtu fariem a rastu ich priemernej veľkosti. Pôvodný samozásobiteľsky potenciál vidieka typický pre koniec 20. storočia sa postupne transformuje a mení, ale na druhej strane tento fenomén stále prežíva a jeho aktivity sa reštrukturalizujú do iných kvalitatívnych foriem, rovín a proporcií. | ||
| 610 | 2 | 0 | |a farmy |
| 610 | 2 | 0 | |a farmy rodinné |
| 610 | 2 | 0 | |a produkcia |
| 610 | 2 | 0 | |a rozvoj vidieka |
| 610 | 2 | 0 | |a Slovensko |
| 100 | 1 | |a Buchta, Stanislav | |